MyGZULibrary

Cowen on the law of negotiable instruments in South Africa. (Record no. 8972)

MARC details
000 -LEADER
fixed length control field 01170cam a22003251 4500
001 - CONTROL NUMBER
control field 3592584
003 - CONTROL NUMBER IDENTIFIER
control field GZU
005 - DATE AND TIME OF LATEST TRANSACTION
control field 20210527094058.0
008 - FIXED-LENGTH DATA ELEMENTS--GENERAL INFORMATION
fixed length control field 700802s1966 sa b 000 0 eng
010 ## - LIBRARY OF CONGRESS CONTROL NUMBER
LC control number 68007040
040 ## - CATALOGING SOURCE
Original cataloging agency DLC
Transcribing agency DLC
Modifying agency DLC
043 ## - GEOGRAPHIC AREA CODE
Geographic area code f-sa---
050 00 - LIBRARY OF CONGRESS CALL NUMBER
Classification number KTL937
Item number .C69 1966
082 00 - DEWEY DECIMAL CLASSIFICATION NUMBER
Classification number 346.68/096
-- 346.80696
Edition number 19
100 1# - MAIN ENTRY--PERSONAL NAME
Personal name Cowen, Denis V.
Fuller form of name (Denis Victor)
245 10 - TITLE STATEMENT
Title Cowen on the law of negotiable instruments in South Africa.
250 ## - EDITION STATEMENT
Edition statement 4th ed.,
Remainder of edition statement by Denis V. Cowen and Leonard Gering.
260 ## - PUBLICATION, DISTRIBUTION, ETC.
Place of publication, distribution, etc. Cape Town,
Name of publisher, distributor, etc. Juta,
Date of publication, distribution, etc. 1966.
300 ## - PHYSICAL DESCRIPTION
Extent xxxix, 661 p.
Dimensions 26 cm.
500 ## - GENERAL NOTE
General note Includes text of the Bills of exchange act, 1964.
500 ## - GENERAL NOTE
General note Rev. ed. of: The law of negotiable instruments in South Africa.
504 ## - BIBLIOGRAPHY, ETC. NOTE
Bibliography, etc. note Bibliography: p. 595-609.
650 #0 - SUBJECT ADDED ENTRY--TOPICAL TERM
Topical term or geographic name entry element Negotiable instruments
Geographic subdivision South Africa.
700 1# - ADDED ENTRY--PERSONAL NAME
Personal name Emmett, Eric.
Title of a work Law of negotiable instruments in South Africa.
700 1# - ADDED ENTRY--PERSONAL NAME
Personal name Gering, Leonard.
710 12 - ADDED ENTRY--CORPORATE NAME
Corporate name or jurisdiction name as entry element South Africa.
Form subheading Laws, statutes, etc.
Title of a work Bills of exchange act, 1964.
Date of a work 1966.
906 ## - LOCAL DATA ELEMENT F, LDF (RLIN)
a 7
b cbc
c orignew
d u
e ncip
f 19
g y-gencatlg
942 ## - ADDED ENTRY ELEMENTS (KOHA)
Source of classification or shelving scheme Library of Congress Classification
Koha item type Books
Edition 4th
Classification part 937
Item part COW
Call number prefix KTL
Call number suffix 1966
Holdings
Withdrawn status Lost status Damaged status Not for loan Collection code Home library Current library Shelving location Date acquired Total Checkouts Full call number Barcode Date last seen Copy number Price effective from Koha item type
        Non-fiction Law Library Law Library General Stacks 05/27/2021   KTL937 COW 1966 004784 05/27/2021 c.1 05/27/2021 Books